| 000 | 01642cam a2200337 a 4500 | ||
|---|---|---|---|
| 001 | 4979312 | ||
| 005 | 20060719185055.0 | ||
| 008 | 980306s1998 enkab b 001 0 eng | ||
| 010 | _a 98016382 | ||
| 020 | _a0198293887 (alk. paper) | ||
| 020 | _a9780198293880 (alk. paper) | ||
| 040 |
_aDLC _cDLC _dDLC |
||
| 043 | _ama----- | ||
| 050 | 0 | 0 |
_aBR1067.A7 _bC45 1998 |
| 082 | 0 | 0 |
_a305.6 _bCHR |
| 245 | 0 | 0 |
_aChristian Communities in the Arab Middle East : _bThe Challenge of the Future / _cedited by Andrea Pacini. |
| 260 |
_aOxford : _bClarendon Press ; _aNew York : _bOxford University Press, _c1998. |
||
| 300 |
_axiii, 365 p. : _bill., maps ; _c24 cm. |
||
| 504 | _aIncludes bibliographical references (p. [327]-339) and index. | ||
| 650 | 0 |
_aChristianity _zArab countries. _921399 |
|
| 650 | 0 |
_aChristianity and culture _zArab countries. _921400 |
|
| 650 | 0 |
_aChristianity and other religions _xIslam. _921401 |
|
| 650 | 0 |
_aIslam _xRelations _xChristianity. _921402 |
|
| 651 | 0 |
_aArab countries _xChurch history. _921403 |
|
| 700 | 1 |
_aPacini, Andrea. _921404 |
|
| 856 | 4 | 2 |
_3Publisher description _uhttp://www.loc.gov/catdir/enhancements/fy0604/98016382-d.html |
| 856 | 4 | 1 |
_3Table of contents only _uhttp://www.loc.gov/catdir/enhancements/fy0604/98016382-t.html |
| 942 |
_2ddc _cBB |
||
| 999 |
_c14862 _d14862 |
||